Guess TBOI Items by Description - Statistics

General Stats
  • This quiz has been taken 20 times
  • The average score is 4 of 15
Answer Stats
Hint Answer % Correct
"Stab stab stab" Mom's Knife
85%
"Concussive tears" Iron Bar
62%
"Ultimate grand supreme" Pageant Boy
46%
"In the beginning" Genesis
38%
"Rip and tear" Berserk!
23%
"Change" Clicker
23%
"Hear my pain" Larynx
23%
"Peace be with you" Censer / Eucharist
15%
"You're tearing me apart!" Leprosy
15%
"Flame on" Red Candle
15%
"More blood!" Sharp Straw
15%
"Damage booster" Succubus
15%
"Blood money" A Pound Of Flesh
8%
"Party time! Free Lemonade
8%
"Buried Memories" Isaac's Tomb
8%
No matching quizzes found
Score Distribution
Percent of People with Each Score
Percentile by Number Answered
Your Score History
You have not taken this quiz